000 00687cam a22002292 4500
001 0000001732
005 20151217145726.0
008 070326s xx 000 0 eng d
020 _a0201578662 :
040 _aKABU
_cKABU
050 0 _aHD31
_b.H45 1992
100 1 _aHellriegel, Don.
_@0000150720
245 1 0 _aManagement /
_cDon Hellriegel, John W. Slocum.
250 _a6th ed.
260 _aReading, Massachusetts :
_bAddison-Wesley,
_cc1992.
300 _a1 v. (various pagings) :
_bill. ;
_c29 cm.
650 0 _aManagement.
_@0000083920
700 1 _aSlocum, John W.
_@0000150721
908 _a070326
950 _@1
999 _c1932
_d1932